| 000 | 00385nam a2200133Ia 4500 | ||
|---|---|---|---|
| 008 | 230917s9999||||xx |||||||||||||| ||und|| | ||
| 040 |
_e89820 _aMAIN |
||
| 041 | _aEnglish | ||
| 082 | _a370.153 N163C | ||
| 100 | _aNarang, Meenakshi | ||
| 245 | 0 | _aComparative study of the personality characteristics of the children of working and non-working mothers | |
| 300 | _a49 p. | ||
| 942 | _cTH | ||
| 999 |
_c86647 _d86647 |
||